000
00239nam a2200109Ia 4500
008
190216s9999||||xx |||||||||||||| ||und||
100
_a
Gupta Kamal
245
0
_a
Contemporary Auditing
260
_b
Null
_c
1983
300
_a
683p
942
_c
BK
999
_c
5286
_d
5286